<La> banca mexicana en transición. Evolución (1982-1989).

Tendencie a zmeny vo vývoji mexického bankovníctva v 80. rokoch. Vývoj mexickej ekonomiky v 80. rokoch podľa hlavných ekon. ukazovateľov. Porovnávacia analýza mexického bankovníctva v 80. rokoch - porovnanie so svetovými bankovými systémami. Úvahy o analýze vývoja bankového systému Mexika 1982-89.

Guardado en:
Detalles Bibliográficos
Formato: Capítulo de libro
Lenguaje:español
Materias:
Etiquetas: Agregar Etiqueta
Sin Etiquetas, Sea el primero en etiquetar este registro!

MARC

LEADER 00000naa a2200000 4500
001 r003936
005 20221130102703.7
041 0 |a spa 
044 |a MX 
245 1 0 |a <La> banca mexicana en transición. Evolución (1982-1989). 
520 |a Tendencie a zmeny vo vývoji mexického bankovníctva v 80. rokoch. Vývoj mexickej ekonomiky v 80. rokoch podľa hlavných ekon. ukazovateľov. Porovnávacia analýza mexického bankovníctva v 80. rokoch - porovnanie so svetovými bankovými systémami. Úvahy o analýze vývoja bankového systému Mexika 1982-89. 
610 2 0 |a bankovníctvo 
610 2 0 |a Mexiko 
610 2 0 |a 1980-1990 
610 2 0 |a rozvoj hospodársky 
610 2 0 |a ukazovatele ekonomické 
610 2 0 |a analýza komparatívna